000 00871cam a2200229 i 4500
003 SA-RiAUC
005 20251031141346.0
008 251028s1970 ua g 0000p ara c
040 _aSA-RiAUC
_bara
_cSA-RiAUC
_erda
082 0 4 _a811.9531
090 _a811.9531
_bح ا ف
100 1 _aحافظ، عبد السلام هاشم،
_d1347-1415 هجري
_eمؤلف.
245 1 0 _aأغنيات الدم والسلام :
_bشعر /
_cعبد السلام هاشم حافظ.
264 1 _aالقاهرة :
_bمكتبة الخانجي،
_c1970
300 _a127 صفحة ؛
_c16 سم
336 _aنص
_btxt
_2rdacontent
_3كتاب
337 _aبدون وسيط
_bn
_2rdamedia
338 _aمجلد
_bnc
_2rdacarrier
650 7 _aالشعر العربي
_zالسعودية
_yقرن 14 هجري
_2aucsh
942 _2ddc
_cBOOK
_n0
949 _aSA-JeALM
_d251028
_umohamedma123
_n1
999 _c12897
_d12897